[Event "Oviedo rapid45"]
[Site "Oviedo"]
[Date "1992.??.??"]
[Round "2"]
[White "Vaganian, Rafael A"]
[Black "Gabaldon, Miguel"]
[Result "0-1"]
[WhiteElo "2590"]
[BlackElo "2250"]

1.Nf3 Nf6 2.c4 g6 3.Nc3 Bg7 4.g3 O-O 5.Bg2 d6 6.O-O e5 7.d3 a5 8.Rb1 h6 9.a3 Be6
10.b4 axb4 11.axb4 Qc8 12.Re1 Bh3 13.Bh1 Nbd7 14.Bb2 Nh5 15.Qc2 f5 16.c5 Kh7
17.cxd6 cxd6 18.Rec1 Ndf6 19.Qb3 f4 20.Nh4 Qg4 21.Bf3 Qg5 22.Bxh5 Qxh5 23.Nf3 Bg4
24.Qd1 Ne8 25.Kg2 Qh3+ 26.Kg1 Rf5 27.Qf1 Qh5 28.Nh4 Rf7 29.f3 Be6 30.Ng2 g5  0-1

[Event "Oviedo rapid45"]
[Site "Oviedo"]
[Date "1992.??.??"]
[Round "9"]
[White "Sadler, Matthew"]
[Black "Vaganian, Rafael A"]
[Result "1-0"]
[WhiteElo "2485"]
[BlackElo "2590"]

1.d4 Nf6 2.c4 e6 3.Nc3 d5 4.cxd5 exd5 5.Bg5 Be7 6.e3 O-O 7.Bd3 Nbd7 8.Nge2 Re8
9.Qc2 Nf8 10.O-O c6 11.f3 c5 12.Rad1 cxd4 13.Nxd4 a6 14.Nf5 Bxf5 15.Bxf5 g6
16.Bh3 Qb6 17.Bxf6 Qxe3+ 18.Kh1 Bxf6 19.Nxd5 Qe5 20.f4 Qxb2 21.Qxb2 Bxb2
22.Nc7 b5 23.Nxe8 Rxe8 24.Rd6 Ra8 25.g3 Bc3 26.Rfd1 b4 27.Rd8 Ra7 28.R1d7 Rxd7
29.Bxd7 Kg7 30.Ba4 Ne6 31.Ra8 Nc5 32.Bb3 Kf6 33.Bc4 Kf5 34.Bxa6 Ke4 35.Bc4 f6
36.Rh8 h5 37.Rg8 h4 38.gxh4 Kxf4 39.Rxg6 Ne4 40.h5 Nf2+ 41.Kg2 Ng4 42.Bb3 f5
43.h6  1-0

[Event "Porz"]
[Site "Porz"]
[Date "1992.??.??"]
[Round "3"]
[White "Morawietz, Dieter"]
[Black "Vaganian, Rafael A"]
[Result "1/2-1/2"]
[WhiteElo "2320"]
[BlackElo "2615"]

1.e4 Nf6 2.e5 Nd5 3.d4 d6 4.Nf3 g6 5.Bc4 c6 6.O-O Bg7 7.Nbd2 O-O 8.Bb3 dxe5
9.Nxe5 Nd7 10.Ndf3 Nxe5 11.Nxe5 Bf5 12.Re1 Qc7 13.c4 Nf6 14.Bf4 Qa5 15.c5 Rae8
16.Bc4 Nd5 17.Bg3 Qd8 18.Qb3 Bc8 19.Rad1 Kh8 20.h3 f6 21.Nd3 Bh6 22.Nb4 e6
23.Bd6 Rf7 24.a3 a5 25.Na2 b5 26.Bf1 b4 27.axb4 axb4 28.Qa4 Rb7 29.Nc1 Qd7
30.Qb3 Ra7 31.Qg3 Bxc1 32.Rxc1 Ba6 33.Bxa6 Rxa6 34.Rc2 Qa7 35.Rce2 Ra1 36.Qg4 Kg7
37.Kh2 h5 38.Qf3 Qa2 39.Rxa1 Qxa1 40.Qd3 Kf7 41.Qd2 Rh8 42.Re1 Qa6 43.Rb1 Qa2
44.Qc1 Kg7 45.Qe1 b3 46.h4 Re8 47.Ra1 Ra8 48.Rb1 Kf7 49.Qc1 Kg7 50.Qe1 Ra7
51.Qe4 Kf7 52.Re1 Qxb2 53.Qxe6+ Kg7 54.Qe8 Rf7 55.Qb8 Qxf2 56.Bg3 Qxd4 57.Re8 Ne7
58.Qxb3 Qxc5 59.Qb8 Qd4 60.Bf4 Qf2 61.Bg3 Qd4 62.Bf4 g5 63.hxg5 Ng6 64.gxf6+ Qxf6
65.Bc1 Kh7 66.Bb2 Qh4+ 67.Kg1 Re7 68.Rxe7+ Qxe7 69.Qg3 Qc5+ 70.Kh2 Kh6 71.Bf6 Qf5
72.Qe3+ Qf4+ 73.Qxf4+ Nxf4 74.Kg3 Kg6 75.Bb2 Kf5 76.Kh4 c5 77.g3 Ne2 78.Kxh5 Nxg3+
79.Kh6 Ne2 80.Kg7 Ke6 81.Kf8 Nd4 82.Ke8 Nc6 83.Ba1 Kd6 84.Bb2 Nb4 85.Kd8 Nd5
86.Ke8 c4 87.Kf7 Nf4 88.Kf6  1/2-1/2

[Event "Porz"]
[Site "Porz"]
[Date "1992.??.??"]
[Round "5"]
[White "Kalinitschew, Sergey"]
[Black "Vaganian, Rafael A"]
[Result "1/2-1/2"]
[WhiteElo "2465"]
[BlackElo "2615"]

1.d4 Nf6 2.c4 e6 3.Nf3 d5 4.Nc3 Be7 5.Bg5 h6 6.Bh4 O-O 7.e3 b6 8.Rc1 Bb7
9.Be2 dxc4 10.Bxc4 Nbd7 11.O-O c5 12.Qe2 a6 13.a3 b5 14.Ba2 Ne4 15.Nxe4 Bxe4
16.Bxe7 Qxe7 17.Nd2 Bb7 18.dxc5 Nxc5 19.b4  1/2-1/2

[Event "Reggio Emilia9293"]
[Site "Reggio Emilia"]
[Date "1992.??.??"]
[Round "6"]
[White "Braga, Fernando"]
[Black "Vaganian, Rafael A"]
[Result "0-1"]
[WhiteElo "2385"]
[BlackElo "2615"]

1.e4 e6 2.d4 d5 3.Nc3 Bb4 4.exd5 exd5 5.Bd3 Ne7 6.Nf3 Bg4 7.O-O c6 8.Re1 Nd7
9.Bf4 Nf8 10.h3 Bh5 11.a3 Bxc3 12.bxc3 Ne6 13.Bd2 Qd6 14.c4 dxc4 15.Bxc4 Nd5
16.Re5 Bxf3 17.Qxf3 Nc7 18.Re4 O-O 19.Bb4 c5 20.dxc5 Qc6 21.Qe2 Nxc5 22.Re5 Nd7
23.Rf5 Rae8 24.Qf1 g6 25.Rg5 Re4 26.Bd3 Rf4 27.Bxf8 Nxf8 28.Qe1 Qf6 29.Rc5 Nce6
30.Rc4 Rxf2 31.Rb1 Rf4 32.Rxf4 Nxf4 33.Rxb7 Qg5 34.g3 Nxh3+ 35.Kh2 Qh6 36.Qe7 Ng5+
37.Kg1 Nfe6 38.Qb4 Qh5 39.Rb8+ Kg7 40.Qc3+ Kh6 41.Qd2 Nd4 42.Be4 Ne2+ 43.Kf2 Qh2+
44.Bg2 Qxg3+ 45.Kxe2 Qxb8 46.c4 Qe5+ 47.Qe3 Qxe3+ 48.Kxe3 Ne6 49.Ke4 Kg5
50.Ke5 h5  0-1

[Event "GER CupT"]
[Site "Germany"]
[Date "1993.??.??"]
[Round "?"]
[White "Kaiser, Wolfgang"]
[Black "Vaganian, Rafael A"]
[Result "1/2-1/2"]
[WhiteElo "2355"]
[BlackElo "2615"]

1.d4 Nf6 2.c4 e6 3.Nc3 d5 4.Bg5 Be7 5.e3 O-O 6.Nf3 h6 7.Bh4 b6 8.Rc1 Bb7
9.Be2 dxc4 10.Bxc4 Nbd7 11.O-O a6 12.Qe2 b5 13.Bb3 c5 14.dxc5 Nxc5 15.Rfd1 Qa5
16.Ne5 Nxb3 17.axb3 b4 18.Nc4 Qf5 19.Bxf6 Qxf6 20.Na4 Rad8 21.f3 Bc6 22.Rxd8 Rxd8
23.Rd1 Rd5 24.Nab6 Rxd1+ 25.Qxd1 Bc5 26.Qd2 Qg5 27.Na4 Ba7 28.Kh1 Bd5 29.e4 Bxc4
30.Qxg5 hxg5 31.bxc4 Kf8 32.b3 Ke7 33.g3 Kd6 34.Nb2 Bd4 35.Na4 Ke5 36.c5 Kf6
37.Nb6 Ke7 38.Nc8+ Kd7 39.Nd6 Bxc5 40.Nxf7 Bd4 41.e5 g4 42.Kg2 Kc6 43.fxg4 a5
44.Ng5 Be3 45.Ne4 Kd5 46.Kf3 Bc1 47.h4 Kxe5 48.Nc5 Kd5 49.Nd3 Bd2 50.Ke2 Bc3
51.Nf4+ Ke5 52.Nd3+ Ke4 53.Nf4 Ke5 54.Nd3+ Kd6 55.g5 e5 56.Nf2 Ke6 57.Ne4 Bd4
58.g4 Kd5 59.Kd3 Bb2 60.h5 Bc1 61.g6 Bf4 62.Nf6+ Ke6 63.Ne8 Bh6 64.g5 Bxg5
65.Nxg7+ Kf6 66.Nf5 a4 67.bxa4 b3 68.a5 e4+ 69.Kc3 Kxf5  1/2-1/2

[Event "Bundesliga 9293"]
[Site "Germany"]
[Date "1993.??.??"]
[Round "?"]
[White "Schaefer, Markus"]
[Black "Vaganian, Rafael A"]
[Result "1/2-1/2"]
[WhiteElo "2430"]
[BlackElo "2615"]

1.e4 e6 2.d4 d5 3.Nd2 c5 4.Ngf3 Nc6 5.exd5 exd5 6.Bb5 Bd6 7.dxc5 Bxc5 8.O-O Ne7
9.Nb3 Bd6 10.Nfd4 O-O 11.c3 Qc7 12.Qh5 Ne5 13.Be2 a6 14.f4 Nd7 15.f5 Nf6
16.Qh4 Re8 17.Bd3 Nc6 18.Bg5 Ne5 19.Bxf6 gxf6 20.Rae1 Qd8 21.Bc2 Kg7  1/2-1/2

[Event "Groningen PCA"]
[Site "Groningen"]
[Date "1993.??.??"]
[Round "9"]
[White "Lobron, Eric"]
[Black "Vaganian, Rafael A"]
[Result "1/2-1/2"]
[WhiteElo "2575"]
[BlackElo "2615"]

1.d4 Nf6 2.Nf3 d5 3.c4 e6 4.Nc3 Be7 5.Bg5 h6 6.Bh4 O-O 7.e3 b6 8.Qc2 Bb7
9.Bxf6 Bxf6 10.cxd5 exd5 11.O-O-O Nc6 12.h4 Nb4 13.Qf5 Qc8 14.Qxc8 Raxc8
15.a3 c5 16.Kb1 cxd4 17.exd4 Na6 18.Nb5 Nc7 19.Nxa7 Rce8 20.Rc1 Ne6 21.Nb5 Rc8
22.Rd1 Ba6 23.g3 Bxb5 24.Bxb5 Rc7 25.Rd2 g5 26.hxg5 Nxg5 27.Ne5 Bg7 28.Re2 Rfc8
29.Rd1 Re7 30.a4 Rcc7 31.Rc1 Rxc1+ 32.Kxc1 Ne6 33.Nc6 Re8 34.Kd2 h5 35.b4 h4
36.gxh4 Kf8 37.Ne5 Rd8 38.Nc6 Rc8 39.Kd1 Nxd4 40.Nxd4 Bxd4 41.h5 Bc3 42.Rc2 d4
43.h6 Kg8 44.Bd3 Re8 45.Rxc3 dxc3 46.Kc2 Re6 47.h7+ Kg7 48.f3 Re3 49.Be4 f5
50.Bxf5 Rxf3 51.Bd3 Rf4 52.Kxc3 Rh4 53.Kb3 Rd4 54.Bc2 Rh4 55.Kc3 Rg4 56.a5 Rxb4
57.Kxb4 bxa5+ 58.Kxa5  1/2-1/2

[Event "Moscow blitz"]
[Site "Moscow"]
[Date "1993.??.??"]
[Round "?"]
[White "Vaganian, Rafael A"]
[Black "Karpov, Anatoly"]
[Result "1/2-1/2"]
[WhiteElo "2615"]
[BlackElo "2725"]

1.Nf3 Nf6 2.g3 d5 3.Bg2 c6 4.O-O Bf5 5.d3 e6 6.Nbd2 h6 7.Qe1 Be7 8.e4 Bh7
9.Ne5 Nbd7 10.Nxd7 Nxd7 11.f4 dxe4 12.dxe4 O-O 13.Kh1 Nc5 14.Qe2 a5 15.Nc4 b5
16.Ne5 Qc7 17.Nd3 Nxd3 18.cxd3 c5 19.Be3 Rac8 20.Rac1 Qd7 21.Rc2 Rfd8 22.Rd2 Bf6
23.Rc1 Bd4 24.h4 Bxe3 25.Qxe3 Qd4 26.Qxd4 cxd4 27.Rdd1 g5 28.hxg5 hxg5  1/2-1/2

[Event "Rostov"]
[Site "Rostov"]
[Date "1993.??.??"]
[Round "?"]
[White "Vaganian, Rafael A"]
[Black "Tukmakov, Vladimir B"]
[Result "1/2-1/2"]
[WhiteElo "2615"]
[BlackElo "2605"]

1.c4 e5 2.Nc3 Nf6 3.Nf3 Nc6 4.d4 exd4 5.Nxd4 Bb4 6.Bg5 h6 7.Bh4 Bxc3+ 8.bxc3 Ne5
9.f4 Ng6 10.Bxf6 Qxf6 11.g3 Nf8 12.Bg2 Ne6 13.O-O O-O 14.Qd2 d6 15.Nb3 Rb8
16.f5 Ng5 17.Qd4 Qxd4+ 18.cxd4 Re8 19.Rae1 b6 20.Bc6 Bb7 21.Bxb7 Rxb7 22.d5 Ne4
23.Rc1 Rbb8 24.Rc2 Nf6  1/2-1/2

[Event "Rostov"]
[Site "Rostov"]
[Date "1993.??.??"]
[Round "?"]
[White "Smyslov, Vassily"]
[Black "Vaganian, Rafael A"]
[Result "0-1"]
[WhiteElo "2530"]
[BlackElo "2615"]

1.d4 e6 2.e4 d5 3.Nc3 Bb4 4.exd5 exd5 5.Nf3 Ne7 6.Bd3 Bg4 7.h3 Bh5 8.a3 Bd6
9.Nb5 Nbc6 10.Be3 a6 11.Nxd6+ Qxd6 12.Qd2 Bxf3 13.gxf3 Qf6 14.O-O-O h6 15.Rhg1 O-O-O
16.c3 Na5 17.Qe2 Nf5 18.b4 Nc6 19.Bxf5+ Qxf5 20.Rxg7 Na7 21.c4 dxc4 22.Qxc4 Rd5
23.Rdg1 Nb5 24.Rg8+ Rxg8 25.Rxg8+ Kd7 26.Kb2 Nd6 27.Qe2 b5 28.f4 Nc4+ 29.Kc1 Qxh3
30.Qg4+ Qxg4 31.Rxg4 Nxa3 32.Rg8 Nc4 33.Ra8 h5 34.Rxa6 Rd6 35.Ra8 Rh6 36.f5 Nxe3
37.fxe3 h4 38.Ra2 Ke7 39.Kd1 Kf6 40.Ke1 h3 41.Rh2 Kxf5 42.Kf1 Ke4 43.Kg1 Kxe3
44.d5 Kd3 45.Rf2 Kc4 46.Rxf7 Kxb4 47.Rxc7 Rd6  0-1

[Event "Petrosian mem"]
[Site "Erevan"]
[Date "1994.??.??"]
[Round "?"]
[White "Vaganian, Rafael A"]
[Black "Akopian, Vladimir"]
[Result "0-1"]
[WhiteElo "2625"]
[BlackElo "2605"]

1.c4 e5 2.Nc3 Nc6 3.Nf3 Nf6 4.g3 g6 5.d4 exd4 6.Nxd4 Bg7 7.Nxc6 bxc6 8.Bg2 O-O
9.O-O Re8 10.Qa4 a5 11.Rd1 Qe7 12.Bf4 Ng4 13.Bxc7 Qc5 14.e3 Nxf2 15.Kxf2 Qxe3+
16.Kf1 Ba6 17.Bf4 Qc5 18.Bf3 g5 19.Bd6 Qf5 20.Kg2 g4 21.Rf1 Bxc3 22.Bd5 Re2+
23.Kh1 Rxh2+ 24.Kxh2 Qh5+ 25.Kg2 Qh3+ 26.Kg1 Bd4+ 27.Rf2 Bxf2+ 28.Kxf2 cxd5
29.Qxd7 Qh2+ 30.Ke3 Qh6+ 31.Kf2 Qd2+ 32.Kg1 Qd4+ 33.Kh1 Qe4+ 34.Kg1 Bxc4
35.Qe7 Qxe7 36.Bxe7 d4 37.Rd1 d3 38.b3 Ba6 39.Bf6 h5 40.Kf2 Rc8 41.Ke3 Kh7
42.Bb2 Kg6 43.Rc1 Re8+ 44.Kf4 Bb7  0-1

[Event "Petrosian mem"]
[Site "Erevan"]
[Date "1994.??.??"]
[Round "?"]
[White "Suetin, Alexey S"]
[Black "Vaganian, Rafael A"]
[Result "1-0"]
[WhiteElo "2385"]
[BlackElo "2625"]

1.e4 Nf6 2.e5 Nd5 3.d4 d6 4.Nf3 g6 5.g3 Bg7 6.Bg2 O-O 7.O-O Nc6 8.exd6 cxd6
9.c3 h6 10.Nbd2 e5 11.dxe5 dxe5 12.Nc4 e4 13.Nd4 Nxd4 14.cxd4 f5 15.f3 exf3
16.Bxf3 Kh7 17.Ne5 Be6 18.Re1 Qb6 19.Kh1 Rad8 20.Bd2 Nf6 21.Bc3 Bd5 22.Bxd5 Rxd5
23.Qf3 h5 24.Nc4 Qd8 25.Re6 Ne4 26.Ne5 Bxe5 27.Rxe5 Rxe5 28.dxe5 Qd5 29.Kg2 Rd8
30.Re1 Nxc3 31.bxc3 Qxa2+ 32.Kg1 Qd5 33.Qf2 Qd2 34.Re2 Qxc3 35.Qxa7 Qf3 36.Qa5 Rd1+
37.Re1 Qe3+ 38.Kf1 Qxe1+ 39.Qxe1 Rxe1+ 40.Kxe1 Kg7  1-0

[Event "Eupen op act"]
[Site "Eupen"]
[Date "1994.??.??"]
[Round "4"]
[White "Polaczek, Richard"]
[Black "Vaganian, Rafael A"]
[Result "1/2-1/2"]
[WhiteElo "2415"]
[BlackElo "2625"]

1.d4 Nf6 2.Nf3 d5 3.c4 e6 4.Nc3 Be7 5.Bg5 O-O 6.e3 h6 7.Bh4 b6 8.Bxf6 Bxf6
9.cxd5 exd5 10.b4 c6 11.Be2 Bb7 12.O-O Re8 13.Qb3 a5 14.bxa5 Rxa5 15.a4 Nd7
16.Rfe1 Qa8 17.Rab1 Ba6 18.Bxa6 Qxa6 19.h3 Re6 20.e4 dxe4 21.Rxe4 Rxe4 22.Nxe4 Be7
23.Nc3 Bd6 24.Nd2 Rg5 25.Nde4 Rg6 26.d5 Bf8 27.dxc6 Rxc6 28.Qd5 Qc8 29.Rd1 Nf6
30.Nxf6+ Rxf6 31.Qd3 Rd6 32.Nd5 Qc5 33.g3 Qc6 34.Qd4 Re6 35.Nf4 Re4 36.Qd8 Re8
37.Qd4 Bc5 38.Qd5 Qxa4 39.Kg2 Kf8 40.Rd3 Qa8 41.Qxa8 Rxa8 42.Rd7 Ke8 43.Rb7 Rd8
44.Nh5 Kf8 45.f4 g6 46.Nf6 Kg7 47.Ne4  1/2-1/2

[Event "Moscow ol (Men)"]
[Site "Moscow"]
[Date "1994.??.??"]
[Round "12"]
[White "Vaganian, Rafael A"]
[Black "Portisch, Lajos"]
[Result "1/2-1/2"]
[WhiteElo "2645"]
[BlackElo "2610"]

1.c4 Nf6 2.Nc3 e5 3.Nf3 Nc6 4.g3 d5 5.cxd5 Nxd5 6.Bg2 Nb6 7.O-O Be7 8.a3 O-O
9.d3 Be6 10.Be3 f5 11.Rc1 Kh8 12.Na4 Nxa4 13.Qxa4 Bd5 14.Rfe1 a6 15.Bc5 e4
16.Bxe7 Qxe7  1/2-1/2

[Event "World op"]
[Site "Philadelphia"]
[Date "1994.??.??"]
[Round "?"]
[White "Vaganian, Rafael A"]
[Black "Rozentalis, Eduardas"]
[Result "1/2-1/2"]
[WhiteElo "2625"]
[BlackElo "2605"]

1.Nf3 Nf6 2.g3 b6 3.Bg2 Bb7 4.O-O e6 5.c4 Be7 6.Nc3 O-O 7.Re1 d5 8.cxd5 Nxd5
9.d4 Nxc3 10.bxc3 Be4 11.Bf1 c5 12.Nd2 Bb7 13.Nb3 cxd4 14.cxd4 a5 15.Bb2 a4
16.Nd2 b5 17.Rb1 Nc6 18.e3 b4 19.Qh5 Qd5 20.Qxd5 exd5 21.Rec1 Na5 22.Ba1 Rfc8
23.Bb5 Bc6 24.Bxc6 Nxc6 25.e4 Na5 26.exd5 Rd8 27.Ne4 Rxd5 28.Rc7 Kf8 29.Nc5 Bxc5
30.dxc5 b3 31.axb3 Nxb3 32.Bc3 Rdd8 33.Bb4 Rdc8 34.Rd7 Kg8 35.Rd5 h6 36.Rbd1 Rc6
37.Rd8+ Rxd8 38.Rxd8+ Kh7 39.Rd5 f6 40.Kf1 Kg6 41.Ke2 Kf7 42.Rd7+ Kg6 43.Rd5 Kf7  1/2-1/2

[Event "Eupen op"]
[Site "Eupen"]
[Date "1996.??.??"]
[Round "?"]
[White "Baskewitsch, Pierre"]
[Black "Vaganian, Rafael A"]
[Result "0-1"]
[WhiteElo "2105"]
[BlackElo "2615"]

1.d4 Nf6 2.Bf4 g6 3.c4 c5 4.e3 Bg7 5.Nc3 cxd4 6.exd4 O-O 7.Qd2 d5 8.b3 Nc6
9.c5 Ne4 10.Nxe4 dxe4 11.Ne2 e5 12.dxe5 Nxe5 13.Bxe5 Bxe5 14.Rd1 Qf6 15.Qe3 Bf5
16.g3 Rad8 17.Rxd8 Rxd8 18.Bg2 Rd3 19.Qc1 Bg4 20.Bxe4 Bc3+ 21.Kf1 Bh3+ 22.Bg2 Bxg2+
23.Kxg2 Qf3+ 24.Kh3 Qxe2 25.Qf4 Qh5+ 26.Kg2 Qd5+ 27.f3 Rd2+ 28.Kg1  0-1

[Event "Yerevan"]
[Site "Yerevan"]
[Date "1996.??.??"]
[Round "6"]
[White "Gulko, Boris F"]
[Black "Vaganian, Rafael A"]
[Result "1-0"]
[WhiteElo "2615"]
[BlackElo "2615"]

1.c4 c5 2.Nf3 Nf6 3.Nc3 Nc6 4.g3 d5 5.d4 e6 6.cxd5 Nxd5 7.Bg2 Nxc3 8.bxc3 cxd4
9.cxd4 Bb4+ 10.Bd2 Be7 11.Bc3 O-O 12.O-O Bd7 13.Qd2 Rc8 14.e4 Bf6 15.Rac1 Qb6
16.d5 Bxc3 17.Rxc3 exd5 18.exd5 Nb8 19.Rb3 Qa6 20.Re1 Ba4 21.Ra3 b5 22.Nd4 Rce8
23.Rxe8 Rxe8 24.Re3 Rf8 25.Nc6 Qb6 26.Qb4 Nxc6 27.dxc6 a5 28.Qe7 b4 29.c7 Qa6
30.Bh3  1-0

[Event "Yerevan ol (Men)"]
[Site "Yerevan"]
[Date "1996.??.??"]
[Round "14"]
[White "Romanishin, Oleg M"]
[Black "Vaganian, Rafael A"]
[Result "1/2-1/2"]
[WhiteElo "2555"]
[BlackElo "2595"]

1.d4 Nf6 2.Nf3 e6 3.g3 b5 4.Bg2 Bb7 5.Bg5 c5 6.c3 Na6 7.Bxf6 gxf6 8.O-O Qb6
9.Nbd2 d5 10.a4 Be7 11.axb5 Qxb5 12.dxc5 Bxc5 13.Nb3 Ke7 14.Na5 Qd7 15.e4 Rad8  1/2-1/2

[Event "Franfurt CC Ordix"]
[Site "Frankfurt"]
[Date "1997.??.??"]
[Round "2"]
[White "Vaganian, Rafael A"]
[Black "Jugow, Alexander"]
[Result "1-0"]
[WhiteElo "2585"]
[BlackElo "2215"]

1.Nf3 Nf6 2.c4 g6 3.g3 Bg7 4.Bg2 d6 5.Nc3 O-O 6.d4 Nbd7 7.e4 e5 8.O-O Re8
9.h3 exd4 10.Nxd4 Nc5 11.Re1 a5 12.Bf4 Nh5 13.Be3 c6 14.Qc2 a4 15.b4 axb3
16.axb3 Rxa1 17.Rxa1 Be6 18.b4 Nd7 19.Nxe6 Rxe6 20.Ra7 Qc7 21.Ra8+ Nf8 22.c5 Nf6
23.Bf4 Ne8 24.cxd6 Qb6 25.e5 Bxe5 26.Bxe5 Rxe5 27.Ne4 Qd4 28.Rd8 Kg7 29.b5 f5
30.bxc6 bxc6 31.Ng5 f4 32.Nf3 Qa1+ 33.Kh2 fxg3+ 34.fxg3 Re6 35.d7 Nf6 36.Rxf8 Nxd7
37.Rc8 Qf6 38.Rc7 Rd6 39.Qc4 h5 40.h4 Kh8 41.Ng5 Rd1 42.Rc8+ Nf8 43.Qc5  1-0

[Event "Franfurt CC Ordix"]
[Site "Frankfurt"]
[Date "1997.??.??"]
[Round "6"]
[White "Vaganian, Rafael A"]
[Black "Lobron, Eric"]
[Result "0-1"]
[WhiteElo "2585"]
[BlackElo "2570"]

1.Nf3 d6 2.g3 e5 3.d3 f5 4.c4 Nf6 5.Nc3 Be7 6.Bg2 O-O 7.O-O Qe8 8.Nd5 Bd8
9.Bg5 Nbd7 10.Rc1 c6 11.Nxf6+ Bxf6 12.Bxf6 Nxf6 13.b4 f4 14.Qd2 h6 15.e3 fxg3
16.fxg3 Qh5 17.e4 Bh3 18.Nh4 Bxg2 19.Kxg2 d5 20.Rf5 Qe8 21.Qe2 dxe4 22.dxe4 Rd8
23.Nf3 Nd7 24.Rd1 a5 25.Rxf8+ Nxf8 26.bxa5 Ne6 27.Rxd8 Qxd8 28.a6 bxa6 29.c5 a5
30.Qc4 Qf6 31.Qc3 Nd4 32.Nxd4 exd4 33.Qxa5 Qe5 34.Kf3 Qh5+ 35.Kf4 Qg5+ 36.Kf3 Qh5+
37.g4 Qh3+ 38.Kf4 Qxh2+ 39.Kf5 Qf2+ 40.Ke6 Qf6+ 41.Kd7 d3 42.Qb4 Qf7+ 43.Kxc6 Qxa2
44.Qd4 d2 45.Qd3 Qa4+  0-1

[Event "GER-CupT 9697 sf"]
[Site "Porz"]
[Date "1997.??.??"]
[Round "?.4"]
[White "Roth, Juergen"]
[Black "Vaganian, Rafael A"]
[Result "0-1"]
[WhiteElo "2240"]
[BlackElo "2585"]

1.d4 Nf6 2.c4 e6 3.Nc3 d5 4.cxd5 exd5 5.Bg5 c6 6.e3 Bf5 7.Qf3 Be6 8.Bxf6 Qxf6
9.Qxf6 gxf6 10.Bd3 Nd7 11.Nge2 Bd6 12.g3 f5 13.Nf4 Nf6 14.Ke2 h5 15.Ng2 Be7
16.Rac1 Ne4 17.f3 Nxc3+ 18.bxc3 h4 19.gxh4 Bxh4 20.Nxh4 Rxh4 21.Rcg1 Ke7
22.f4 Rah8 23.Rg2 Kd6 24.Kd2 c5 25.Bf1 cxd4 26.cxd4 Bd7 27.Rf2 Rg8 28.h3 Rg3
29.Rfh2 Ba4 30.Bd3 Ke6 31.Ke2 Rg8 32.Kf3 Rc8 33.Rb1 b6 34.Ke2 Bc2 35.Rb2 Bxd3+
36.Kxd3 Rg8 37.Rb1 Rg3 38.Rbh1 Rxf4 39.h4 Re4 40.h5 Rexe3+ 41.Kd2 Rd3+ 42.Ke2 Ra3
43.Kf1 Rgc3 44.h6 Rc1+ 45.Ke2 Rxa2+  0-1

[Event "GER-CupT 9697 f-1"]
[Site "Porz"]
[Date "1997.??.??"]
[Round "?.4"]
[White "Vaganian, Rafael A"]
[Black "Blatny, Pavel"]
[Result "0-1"]
[WhiteElo "2585"]
[BlackElo "2540"]

1.Nf3 d5 2.d4 e6 3.g3 Nd7 4.Bg2 b5 5.e4 dxe4 6.Ng5 Bb7 7.O-O Ngf6 8.Nc3 Rb8
9.Qe2 h6 10.Ngxe4 b4 11.Nxf6+ Nxf6 12.Bxb7 Rxb7 13.Ne4 Nxe4 14.Qxe4 Qd5 15.Qxd5 exd5
16.b3 Kd7 17.a3 a5 18.axb4 Bxb4 19.Rd1 Re8 20.Bd2 Re2 21.Bxb4 axb4 22.Ra2 Rb6
23.Kf1 Rbe6 24.h3 g6 25.g4 Ke7 26.Rd3 Kf8 27.Rd1 Kg8 28.Rd3 Kg7 29.Rd1 R6e4
30.Rd3 g5 31.Rd1 c6 32.Rd3 Kg6 33.Rf3 Rd2 34.Rd3 Rde2 35.Rf3 f6 36.Ra4 Re1+
37.Kg2 Rxd4 38.Ra6 Rdd1 39.Rg3 Re6 40.c3 d4 41.cxb4 Kf7 42.Ra7+ Re7 43.Ra6 Re6
44.Ra7+ Kg6 45.Rd7 f5 46.Rc3 Rd2 47.Rc5 fxg4 48.hxg4 Rf6 49.Kg3 Rdxf2 50.Rxc6 Rf3+
51.Kg2 Rf4 52.Rxf6+ Kxf6 53.Kg3 Ke5 54.Re7+ Kd5 55.Rd7+ Ke4 56.Re7+ Kd3 57.b5 Rf6
58.Rb7 Ke3 59.Re7+ Kd2 60.Rb7 Re6 61.b6 Ke2 62.Rb8 d3 63.b7 Re7  0-1

[Event "EU-chT (Men)"]
[Site "Pula"]
[Date "1997.??.??"]
[Round "4"]
[White "Alterman, Boris"]
[Black "Vaganian, Rafael A"]
[Result "1/2-1/2"]
[WhiteElo "2595"]
[BlackElo "2585"]

1.d4 d5 2.c4 e6 3.Nc3 Be7 4.Nf3 Nf6 5.Bg5 h6 6.Bh4 O-O 7.e3 b6 8.Be2 Bb7
9.Bxf6 Bxf6 10.cxd5 exd5 11.b4 c6 12.O-O Re8 13.Qb3 a5 14.bxa5 Rxa5 15.Rab1 Nd7
16.a4 Be7 17.Rfe1 Bd6 18.e4 dxe4 19.Bc4 Rf8 20.Nxe4 Bc7 21.Rbd1 b5 22.axb5 cxb5
23.Bxb5 Nb6 24.Bd3 Bd5 25.Qc2 Ba8 26.Bc4  1/2-1/2

[Event "Frankfurt Ordix op"]
[Site "Frankfurt"]
[Date "1998.06.20"]
[Round "1"]
[White "Lankenau, Axel"]
[Black "Vaganian, Rafael A"]
[Result "0-1"]
[WhiteElo "2145"]
[BlackElo "2630"]

1.e4 e6 2.d4 d5 3.Nc3 Bb4 4.a3 Bxc3+ 5.bxc3 dxe4 6.Qg4 Nf6 7.Qxg7 Rg8 8.Qh6 Nbd7
9.a4 b6 10.Ne2 Bb7 11.Ng3 Qe7 12.a5 c5 13.Qd2 h5 14.h4 Qd6 15.Qf4 Qxf4 16.Bxf4 Nd5
17.Nxh5 Rh8 18.Be2 Rxh5 19.Bxh5 Nxf4 20.Be2 Nxg2+ 21.Kd2 Nf4 22.Ke3 Nd5+
23.Kd2 O-O-O 24.axb6 axb6 25.Ba6 e5 26.Bxb7+ Kxb7 27.c4 Nf4 28.d5 Rh8 29.Rag1 Nh5
30.Ke3 f5 31.Rg5 f4+ 32.Kxe4 Kc7 33.Rg6 Rf8 34.Ra1 Nhf6+ 35.Kf5 e4 36.Kxf4 Nxd5+
37.Kxe4 Re8+ 38.Kf5 Ne7+ 39.Ke4 Nd5+ 40.Kf5 Ne7+ 41.Kg5 Nxg6 42.Kxg6 Rg8+
43.Kf5 Rf8+ 44.Ke6 Rxf2 45.h5 Rh2 46.Ra7+ Kc6 47.Rxd7 Re2+ 48.Kf7 Kxd7 49.h6 Rxc2  0-1

[Event "Frankfurt Ordix op"]
[Site "Frankfurt"]
[Date "1998.06.20"]
[Round "3"]
[White "Lagunow, Alexander"]
[Black "Vaganian, Rafael A"]
[Result "1/2-1/2"]
[WhiteElo "2450"]
[BlackElo "2630"]

1.Nf3 d5 2.d4 Nf6 3.c4 e6 4.Nc3 Be7 5.Bg5 h6 6.Bxf6 Bxf6 7.e3 O-O 8.Rc1 a6
9.Qc2 Nc6 10.a3 Re8 11.Be2 dxc4 12.Bxc4 e5 13.d5 Ne7 14.O-O Nf5 15.Ne4 Nd6
16.Bd3 Nxe4 17.Bxe4 Re7 18.Qb3 Kh8 19.Rfd1 g6 20.Nd2 a5 21.Nc4 Ra6 22.Qc3 Bg7
23.Nxa5 f5 24.Bb1 e4 25.Qd2 g5 26.Nc4 Qf8 27.Qb4  1/2-1/2

[Event "NLD-chT sf"]
[Site "Breda"]
[Date "1998.??.??"]
[Round "?"]
[White "Berendsen, Richard"]
[Black "Vaganian, Rafael A"]
[Result "0-1"]
[WhiteElo "2195"]
[BlackElo "2630"]

1.e4 e6 2.d4 d5 3.e5 Qd7 4.Bd3 b6 5.Qe2 a5 6.Nf3 Ba6 7.Bxa6 Nxa6 8.O-O Ne7
9.c4 dxc4 10.Qxc4 Nb4 11.Nc3 h6 12.Bd2 Nbd5 13.Nb5 g5 14.Rac1 Rc8 15.Na7 Rb8
16.Nb5 Rb7 17.h4 g4 18.Ne1 Bg7 19.g3 O-O 20.Ng2 f6 21.exf6 Rxf6 22.Nf4 Rf5
23.Nc3 c5 24.dxc5 bxc5 25.Ne4 Rxb2 26.Nxc5 Qc6 27.Nfxe6 Rxd2 28.Qxg4 Rf7
29.Nb3 Rc2 30.Nbd4 Rxc1 31.Nxc6 Rxf1+ 32.Kxf1 Ne3+  0-1

[Event "Paris op"]
[Site "Paris"]
[Date "1998.??.??"]
[Round "4"]
[White "Chomet, Pascal"]
[Black "Vaganian, Rafael A"]
[Result "1/2-1/2"]
[WhiteElo "2405"]
[BlackElo "2630"]

1.e4 e6 2.d3 d5 3.Nd2 Nf6 4.Ngf3 Nc6 5.c3 e5 6.b4 a6 7.a3 g6 8.Bb2 Bg7 9.Qc2 O-O
10.g3 Re8 11.Bg2 b6 12.O-O Bb7 13.Rfe1 dxe4 14.dxe4 a5 15.Rad1 Qe7 16.Nc4 Qe6
17.Ng5 Qe7 18.b5 Nb8 19.a4 Nfd7 20.h4 h6 21.Nf3 Nc5 22.h5 Nbd7 23.Nh4 Bf6
24.hxg6 fxg6 25.Nf3 Qf7 26.Nfd2 Bg5 27.Ne3 Rf8 28.Ndc4 Rae8 29.Ba3 h5 30.Nd5 Kg7
31.Nce3 Bd8 32.Nc4 Rh8 33.f4 exf4 34.Rf1 Bxd5 35.Rxd5 Qe6 36.gxf4 Nf6 37.f5 gxf5
38.Rdxf5 Qxc4 39.Rg5+ Kf7 40.e5 Reg8 41.Rxg8 Rxg8 42.Qh7+ Rg7 43.Qxh5+ Rg6
44.Qh7+ Rg7  1/2-1/2

[Event "Paris op"]
[Site "Paris"]
[Date "1998.??.??"]
[Round "5"]
[White "Vaganian, Rafael A"]
[Black "Guigonis, Dominique"]
[Result "0-1"]
[WhiteElo "2630"]
[BlackElo "2315"]

1.Nf3 d5 2.d4 e6 3.c4 Nd7 4.e3 Ngf6 5.Nc3 a6 6.b3 c6 7.Bd3 Bb4 8.Bd2 Qe7
9.Qc2 e5 10.dxe5 Nxe5 11.cxd5 Nxf3+ 12.gxf3 cxd5 13.Ne2 Bd7 14.Nd4 Bd6 15.Bc3 Rc8
16.Ke2 Bb4 17.Bxb4 Rxc2+ 18.Nxc2 Qe5 19.Nd4 Nh5 20.Kd2 Nf4 21.Rac1 Nxd3 22.Kxd3 h5
23.h4 Rh6 24.Rhg1 Rg6 25.f4 Rxg1 26.Rxg1 Qe4+ 27.Kc3 g6 28.Kb2 Bg4 29.a4 Kd7
30.a5 Qe8 31.Re1 Qe4 32.Rg1 Qe8 33.Ka3 Qd8 34.f3 Bf5 35.e4 Qf6 36.Rd1 Be6
37.Ne2 Ke8 38.Bc3 Qxh4 39.exd5 Qf2 40.Rd2 Bf5 41.Nd4 Qg1 42.Re2+ Kd7 43.Re1 Qf2
44.Nxf5 gxf5 45.Bb4 Qd4 46.d6 h4 47.Ka4 h3 48.Rh1 Qh8 49.Rh2 Qa1+ 50.Ba3 Qg1  0-1

[Event "Paris op"]
[Site "Paris"]
[Date "1998.??.??"]
[Round "7"]
[White "Vaganian, Rafael A"]
[Black "Dunnington, Angus J"]
[Result "0-1"]
[WhiteElo "2630"]
[BlackElo "2365"]

1.Nf3 d5 2.d4 Bf5 3.c4 e6 4.Nc3 c6 5.Qb3 Qb6 6.c5 Qc7 7.Bf4 Qc8 8.Nh4 Ne7
9.Nxf5 Nxf5 10.O-O-O Nd7 11.e4 Ne7 12.Kb1 Nf6 13.f3 Ng6 14.Bg3 Be7 15.h4 h5
16.Be2 Nd7 17.Bd3 O-O 18.exd5 exd5 19.Qc2 b6 20.Bxg6 fxg6 21.Rhe1 Bf6 22.cxb6 Nxb6
23.Qxg6 Nc4 24.Qxh5 Qb7 25.Re2 Rae8 26.b3 Qb4 27.Be1 Na3+ 28.Kb2 Nc4+ 29.Ka1 Rxe2
30.Nxe2 Qa3 31.bxc4 Qe3 32.f4 Re8 33.Nc3 Bxd4 34.Qf3 Qxf3 35.gxf3 Rxe1 36.Rxe1 Bxc3+
37.Kb1 Bxe1 38.Kc2 dxc4 39.h5 Kf7 40.f5 Kf6  0-1

[Event "Paris op"]
[Site "Paris"]
[Date "1998.??.??"]
[Round "9"]
[White "Vaganian, Rafael A"]
[Black "Gerard, Nicolas"]
[Result "1-0"]
[WhiteElo "2630"]
[BlackElo "2225"]

1.Nf3 Nf6 2.c4 g6 3.Nc3 d5 4.cxd5 Nxd5 5.Qa4+ Bd7 6.Qh4 Bc6 7.Qd4 f6 8.e3 Qd6
9.Ne4 Qb4 10.a3 Qxd4 11.Nxd4 e5 12.Nxc6 Nxc6 13.Bc4 Nce7 14.b4 O-O-O 15.Bb2 Bg7
16.Rc1 h6 17.g4 f5 18.gxf5 gxf5 19.Rg1 Rhg8 20.Nc3 c6 21.Nxd5 Nxd5 22.Ke2 Kb8
23.Rxg7 Rxg7 24.Bxe5+ Rc7 25.Rg1 Re8 26.f4 Kc8 27.Bxd5 cxd5 28.Bxc7 Kxc7
29.Rg6 a5 30.Rxh6 axb4 31.axb4 d4 32.Rf6 dxe3 33.dxe3 Rh8 34.Rxf5 Rxh2+ 35.Kd3 Kc6
36.b5+ Kd6 37.Ke4 Rh1  1-0